[Event "Pyramiden Franken Cup"]
[Site "Fuerth"]
[Date "2015.09.04"]
[Round "3"]
[White "Grabmeier, Johannes"]
[Black "Meulner, Klaus"]
[Result "0-1"]
[WhiteElo "1929"]
[BlackElo "2134"]
[PlyCount "120"]
[EventDate "2015.09.03"]
[EventType "swiss"]
[EventRounds "7"]
[EventCountry "GER"]
[SourceTitle "EXT 2016"]
[Source "ChessBase"]
[SourceDate "2015.10.08"]
[SourceVersion "1"]
[SourceVersionDate "2015.10.08"]
[SourceQuality "1"]

1. b3 d5 2. e3 Nf6 3. Bb2 Bf5 4. d3 e6 5. Be2 h6 6. Nd2 a5 7. a3 Nbd7 8. Ngf3 Bc5 9. 0-0 0-0 10. Re1 c6 11. Bf1 Bh7 12. Ne5 Nxe5 13. Bxe5 Nd7 14. Bb2 a4 15. b4 Be7 16. Nf3 Qc7 17. c4 dxc4 18. dxc4 Rfd8 19. Bd3 Bxd3 20. Qxd3 Nc5 21. Qc2 Nd3 22. Red1 Nxb2 23. Qxb2 Bf6 24. Nd4 Rd7 25. Qc2 Rad8 26. Rac1 Bxd4 27. exd4 Rxd4 28. Qxa4 Qf4 29. g3 Rxd1+ 30. Rxd1 Rxd1+ 31. Qxd1 Qxc4 32. Qd8+ Kh7 33. Qd7 Kg6 34. Qxb7 Qc1+ 35. Kg2 Qxa3 36. h4 Qa4 37. Qe7 Qb5 38. g4 Qd5+ 39. Kg3 Qe5+ 40. Kg2 h5 41. f3 Qf4 42. gxh5+ Kxh5 43. Qc5+ Kxh4 44. Qxc6 Qxb4 45. Qc7 Qd2+ 46. Kf1 Qd3+ 47. Kf2 Qd4+ 48. Kg2 f5 49. Qg3+ Kh5 50. f4 Qf6 51. Qf3+ Kg6 52. Qb3 Kf7 53. Qe3 Qb2+ 54. Kg3 Qb7 55. Qd4 Qd5 56. Qa7+ Kg6 57. Qe7 Qd3+ 58. Kh4 Qe2 59. Qe8+ Kh7 60. Kg3 Qg4+ 0-1

[Event "Wunsiedel op 9th"]
[Site "Wunsiedel"]
[Date "2015.05.14"]
[Round "2"]
[White "Meulner, Klaus"]
[Black "Schroeder, Jan Christian"]
[Result "0-1"]
[WhiteElo "2150"]
[BlackElo "2458"]
[PlyCount "74"]
[EventDate "2015.05.14"]
[EventType "swiss"]
[EventRounds "7"]
[EventCountry "GER"]
[SourceTitle "CBM 166 Extra"]
[Source "ChessBase"]
[SourceDate "2015.06.18"]
[SourceVersion "1"]
[SourceVersionDate "2015.06.18"]
[SourceQuality "1"]

1. d4 Nf6 2. c4 e6 3. Nc3 d5 4. cxd5 exd5 5. Bg5 c6 6. e3 Bf5 7. Qf3 Bg6 8. Bxf6 Qxf6 9. Qxf6 gxf6 10. Nf3 Nd7 11. Nh4 Be7 12. g3 Nb6 13. a3 0-0 14. Be2 Nc8 15. f3 Nd6 16. e4 dxe4 17. Nxg6 hxg6 18. fxe4 Rfe8 19. 0-0 Bd8 20. d5 c5 21. Bf3 Kg7 22. Rfe1 c4 23. a4 a6 24. Kg2 Ba5 25. Re2 Re5 26. Nd1 Rae8 27. Rc2 Nxe4 28. Rxc4 Nd2 29. Rf4 g5 30. Rg4 Re2+ 31. Bxe2 Rxe2+ 32. Nf2 Bb6 33. Kh3 Rxf2 34. Rb4 f5 35. g4 Bc7 36. Rh1 Nf1 37. gxf5 Ne3 0-1